NATO and the transatlantic alliance in the 21st century : the twenty-years crisis

Αποθηκεύτηκε σε:
Λεπτομέρειες βιβλιογραφικής εγγραφής
Κύριος συγγραφέας: Williams, Geoffrey Lee
Άλλοι συγγραφείς: Jones, Barkley Jared
Μορφή: Βιβλίο
Γλώσσα:English
Δημοσίευση: Hampshire : Palgrave, 2001
Θέματα:
Ετικέτες: Προσθήκη ετικέτας
Δεν υπάρχουν, Καταχωρήστε ετικέτα πρώτοι!

MARC

LEADER 00000nam a2200000 i 4500
001 1/63174
008 041019s2001 eng d
020 |a 0-333-65764-0 
035 |l 10074785 
040 |a GR-MY-UA  |b gre  |e aacr 
041 0 |a eng 
082 0 |a 355.031091821 
100 1 |a Williams, Geoffrey Lee. 
245 1 0 |a NATO and the transatlantic alliance in the 21st century :  |b the twenty-years crisis /  |c Geoffrey Lee Williams, Barkley Jared Jones 
260 |a Hampshire :   |b Palgrave,   |c 2001 
300 |a 250 p. 
504 |a Includes bibliographical references and index 
610 2 0 |a North Atlantic Treaty Organization. 
650 0 0 |a Security, International. 
650 0 0 |a World politics  |y 1989- 
700 1 |a Jones, Barkley Jared. 
852 |a INST  |b RHODES  |e 20041019  |h 355.031091821 WIL  |p 005400018396  |q 005400018396  |t BK  |y 0 
901 |a BIBL4-2004-3 
909 |a Ρ  |b 109980 
920 |a ΔΙΕΥΡΥΝΣΗ  |b ΕΠΕΑΕΚ ΙΙ-ΤΜΣ  |y ΡΟΔΟΣ  |z 2004-10 
970 |a ΚΟΥΛΑΚΙΟΤΗ  |b ΛΙΤΣΑ  |z 2004/10/19